[Event "Lonigo CIS 54th Serie A1 Girone 2"]
[Site "Lonigo"]
[Date "2023.05.20"]
[Round "2.3"]
[White "Sorbera, Giovanni"]
[Black "Simonetto, Alessio"]
[Result "1-0"]
[WhiteElo "2132"]
[BlackElo "2091"]
[PlyCount "75"]
[EventDate "2023.05.19"]
[EventType "team-tourn"]
[EventRounds "5"]
[EventCountry "ITA"]
[SourceTitle "EXT 2024"]
[Source "ChessBase"]
[SourceDate "2023.10.10"]
[SourceVersion "1"]
[SourceVersionDate "2023.10.10"]
[SourceQuality "1"]
[WhiteTeam "Palmanova Palmascacchi Blacks"]
[BlackTeam "Padova Patavius Kings"]
[WhiteTeamCountry "ITA"]
[BlackTeamCountry "ITA"]

1. e4 e5 2. Nf3 Nc6 3. d4 exd4 4. Nxd4 Nf6 5. Nxc6 bxc6 6. e5 Qe7 7. Qe2 Nd5 8. c4 Nb6 9. b3 a5 10. Bb2 a4 11. Nd2 axb3 12. axb3 Rxa1+ 13. Bxa1 Qa3 14. Qd1 Bb7 15. Bd3 c5 16. 0-0 h5 17. Qe2 Qa8 18. f4 h4 19. f5 h3 20. Ne4 Nc8 21. f6 g6 22. Bc3 Bc6 23. Re1 Bxe4 24. Bxe4 Qb8 25. Ra1 c6 26. Ra3 Kd8 27. Qa2 d5 28. cxd5 c4 29. d6 Qb5 30. bxc4 Qc5+ 31. Kf1 Rh5 32. Ra8 Bxd6 33. exd6 Kd7 34. Rxc8 Rf5+ 35. Bxf5+ Qxf5+ 36. Kg1 Kxc8 37. Qa8+ Kd7 38. Qb7+ 1-0

[Event "ITA-ch sf 80th"]
[Site "Civitanova Marche"]
[Date "2021.07.20"]
[Round "4"]
[White "Simonetto, Alessio"]
[Black "Barp, Alberto"]
[Result "0-1"]
[WhiteElo "2116"]
[BlackElo "2374"]
[PlyCount "96"]
[EventDate "2021.07.17"]
[EventType "swiss"]
[EventRounds "9"]
[EventCountry "ITA"]
[SourceTitle "CBM 203 Extra"]
[Source "ChessBase"]
[SourceDate "2021.09.30"]
[SourceVersion "1"]
[SourceVersionDate "2021.09.30"]
[SourceQuality "1"]

1. b3 d5 2. Bb2 Bg4 3. f3 Bf5 4. e3 Nd7 5. Nc3 c6 6. e4 dxe4 7. fxe4 Bg6 8. Nf3 e6 9. Qe2 Qa5 10. a3 e5 11. b4 Qc7 12. Qc4 Bd6 13. Bd3 Ngf6 14. 0-0-0 b5 15. Qb3 0-0 16. h4 Bh5 17. Be2 a6 18. Ng5 Bxe2 19. Nxe2 c5 20. Rh3 Rac8 21. Bc3 h6 22. Rdh1 a5 23. bxa5 b4 24. Ba1 c4 25. Qe3 Qxa5 26. Kd1 Bc5 27. d4 cxd3 28. Qxd3 Ng4 29. Kc1 Ndf6 30. Rf1 Rfd8 31. Qb3 Qxa3+ 32. Qxa3 bxa3 33. Kb1 hxg5 34. hxg5 Nxe4 35. Rfh1 Kf8 36. Rh4 Nef2 37. Rf1 Ke7 38. Ng3 g6 39. Re1 Bd4 40. Bxd4 Rxd4 41. Rxe5+ Nxe5 42. Rxd4 a2+ 43. Kxa2 Rxc2+ 44. Kb3 Rc7 45. Ne2 Rd7 46. Ra4 Nfd3 47. Ra5 Ke6 48. Kc3 Rc7+ 0-1

[Event "Veneto-ch qf 80th"]
[Site "Sottomarina"]
[Date "2021.06.06"]
[Round "5.6"]
[White "Belloni, Umberto"]
[Black "Simonetto, Alessio"]
[Result "0-1"]
[WhiteElo "1619"]
[BlackElo "2114"]
[PlyCount "50"]
[EventDate "2021.06.04"]
[EventType "swiss"]
[EventRounds "5"]
[EventCountry "ITA"]
[SourceTitle "EXT 2024"]
[Source "ChessBase"]
[SourceDate "2023.10.10"]
[SourceVersion "1"]
[SourceVersionDate "2023.10.10"]
[SourceQuality "1"]

1. d4 d5 2. Bf4 Nf6 3. c3 e6 4. Bg5 c5 5. e3 Nbd7 6. Bxf6 Nxf6 7. Nd2 Bd6 8. f4 cxd4 9. cxd4 0-0 10. Bd3 Bd7 11. Ngf3 Qa5 12. 0-0 Bb5 13. Qe2 Bxd3 14. Qxd3 Rfc8 15. a3 Qc7 16. Ne1 a5 17. h3 b5 18. g4 b4 19. Nef3 Qc2 20. Qxc2 Rxc2 21. axb4 Bxb4 22. Rf2 Rxb2 23. g5 Ne8 24. Nb1 Rb3 25. Nbd2 Rxe3 0-1

[Event "Trieste op 19th"]
[Site "Trieste"]
[Date "2017.09.06"]
[Round "6"]
[White "Simonetto, Alessio"]
[Black "Sepehrkhoui, Ardeshir"]
[Result "0-1"]
[WhiteElo "2000"]
[BlackElo "2138"]
[PlyCount "88"]
[EventDate "2017.09.02"]
[EventType "swiss"]
[EventRounds "9"]
[EventCountry "ITA"]
[SourceTitle "CBM 180 Extra"]
[Source "ChessBase"]
[SourceDate "2017.10.06"]
[SourceVersion "1"]
[SourceVersionDate "2017.10.06"]
[SourceQuality "1"]

1. d4 Nf6 2. Bg5 Ne4 3. Bf4 c5 4. f3 Qa5+ 5. c3 Nf6 6. d5 d6 7. e4 g6 8. a4 Bg7 9. Nd2 Nbd7 10. Ne2 Nh5 11. Nc4 Qc7 12. Bg5 Rb8 13. Qd2 Ne5 14. Nxe5 dxe5 15. Bh6 Bxh6 16. Qxh6 Qb6 17. Qd2 Qf6 18. Qe3 b6 19. g4 Nf4 20. Nxf4 exf4 21. Bb5+ Kf8 22. e5 fxe3 23. exf6 exf6 24. d6 h5 25. gxh5 Rxh5 26. Ke2 Bb7 27. Kxe3 Rd8 28. Rad1 Rd5 29. Rxd5 Bxd5 30. Rd1 Rxd6 31. c4 Re6+ 32. Kf4 Bc6 33. Bxc6 Rxc6 34. Rd7 a5 35. Rb7 Rd6 36. b3 Kg7 37. Ke3 Re6+ 38. Kf4 Rd6 39. Ke3 g5 40. Ke4 Kg6 41. Rb8 f5+ 42. Ke3 f4+ 43. Ke4 Kf6 44. Rh8 Rd4# 0-1

[Event "Trieste op 19th"]
[Site "Trieste"]
[Date "2017.09.05"]
[Round "5"]
[White "Loiacono, Leonardo"]
[Black "Simonetto, Alessio"]
[Result "1-0"]
[WhiteElo "2233"]
[BlackElo "2000"]
[PlyCount "45"]
[EventDate "2017.09.02"]
[EventType "swiss"]
[EventRounds "9"]
[EventCountry "ITA"]
[SourceTitle "CBM 180 Extra"]
[Source "ChessBase"]
[SourceDate "2017.10.06"]
[SourceVersion "1"]
[SourceVersionDate "2017.10.06"]
[SourceQuality "1"]

1. d4 d5 2. c4 e6 3. Nc3 Nf6 4. Nf3 Bb4 5. cxd5 exd5 6. Bg5 0-0 7. Qc2 Nbd7 8. e3 Re8 9. Bd3 h6 10. Bh4 c5 11. 0-0 Qa5 12. dxc5 Bxc3 13. bxc3 Qxc5 14. Rab1 Ne4 15. Rb5 Qa3 16. Rxd5 Nxc3 17. Bh7+ Kh8 18. Rd3 Qa6 19. Rxc3 g6 20. Bxg6 Qxg6 21. Qxg6 fxg6 22. Rc7 g5 23. Bg3 1-0

[Event "Mogliano Veneto op-B 34th"]
[Site "Mogliano Veneto"]
[Date "2013.04.26"]
[Round "3"]
[White "Pagan, Nicolo"]
[Black "Simonetto, Alessio"]
[Result "1-0"]
[WhiteElo "1774"]
[BlackElo "1662"]
[PlyCount "93"]
[EventDate "2013.04.25"]
[EventType "swiss"]
[EventRounds "6"]
[EventCountry "ITA"]
[SourceTitle "EXT 2015"]
[Source "ChessBase"]
[SourceDate "2014.11.20"]
[SourceVersion "1"]
[SourceVersionDate "2014.11.20"]
[SourceQuality "1"]

1. d4 d5 2. c4 e6 3. Nc3 Nf6 4. Nf3 b6 5. Bg5 Be7 6. e3 Bb7 7. Be2 Nbd7 8. 0-0 Rc8 9. Rc1 0-0 10. cxd5 Nxd5 11. Bxe7 Qxe7 12. Nd2 c5 13. dxc5 Nxc5 14. Nxd5 Bxd5 15. Bc4 Bxc4 16. Nxc4 Rfd8 17. Qe2 Nd3 18. Rc3 Nb4 19. a4 Nd5 20. Rc2 Qb4 21. Ra1 Rc5 22. Ne5 Rdc8 23. Rxc5 Qxc5 24. Nd3 Qd6 25. h3 h6 26. Qd1 Rd8 27. Ne1 Qc7 28. Qc2 Qb7 29. Rc1 Nb4 30. Qc4 a5 31. Nf3 Qd7 32. Nd4 Qxa4 33. Qc7 Qd7 34. Qxb6 Qd5 35. Rc5 Qd6 36. Qxa5 Nd3 37. Rc6 Qd7 38. Qc3 Ne5 39. Rc7 Qe8 40. b4 Rb8 41. b5 Kh7 42. Qc5 Nd7 43. Qc6 Nf6 44. Qxe8 Nxe8 45. Rxf7 Nd6 46. Re7 Nxb5 47. Nxe6 1-0